000 00820cam a2200229 4500
001 ABS64446
008 010912n2001 000 0 eng u
035 _a(Sirsi) u114550
100 _aCollins, K
245 _aLocal regeneration, local expression
260 _c2001
490 _aLandscape Design
_v(303) September 2001, 27-29(3)
520 _aRegeneration is as relevant to small market towns as it is to inner-cities; article explains the principal design criteria for market town regeneration, with examples of where theory has been put into practice. All projects have been undertaken by Sheils Flynn.
590 _aABS
650 _aMARKET TOWNS
650 _aRURAL REGENERATION
650 _aRURAL ISSUES
650 _aURBAN DESIGN
690 _aREGENERATION
700 _aSheils, E
942 _n0
999 _c68252
_d68252